|
|
|
|
| LEADER |
00000nam a2200000 a 4500 |
| 001 |
vtls008298528 |
| 003 |
SK-MaSNL |
| 005 |
20260301050725.0 |
| 008 |
240315s2005 xo l e p 000 0 ukr |
| 015 |
|
|
|a SNBA2005/12-04947
|
| 020 |
|
|
|a 8088769612
|q (brož.)
|
| 035 |
|
|
|a 0FC6D0C4-B0A0-4455-ACF0-22E4DB8CF9B6
|
| 035 |
|
|
|a urn:nbn:sk:snk-amkyyd
|
| 035 |
|
|
|a urn:nbn:sk:snk-am008pki
|
| 040 |
|
|
|a SNK
|b slo
|c SNK
|e AACR2
|
| 041 |
0 |
|
|a ukr
|
| 044 |
|
|
|a xo
|c SK
|
| 072 |
|
7 |
|a 811.16
|x Slovanské literatúry
|2 konspekt
|
| 072 |
|
7 |
|a 37.016
|x Učebné osnovy. Vyučovacie predmety. Učebnice
|2 konspekt
|
| 080 |
|
|
|a (075.2)
|2 MDT-MRF
|
| 080 |
|
|
|a (075.3)
|2 MDT-MRF
|
| 080 |
|
|
|a 811.161.2
|2 MDT-MRF
|
| 100 |
1 |
|
|a Jabur, Vasiľ,
|d 1936-
|4 aut
|9 111447
|
| 245 |
1 |
0 |
|a Rusyn'skyj jazyk u zerkalji novych pravyl pro osnovny i serednji školy z navčanëm rusyn'skoho jazyka
|c Vasyl' Jabur, Anna Pljiškova
|
| 250 |
|
|
|a 2. vyd.
|
| 260 |
|
|
|a Prjašiv
|b Rusyn i Narodny novynky
|c 2005
|
| 300 |
|
|
|a 128 s.
|b tab.
|c 21 cm
|
| 500 |
|
|
|a Tir. aj slov.
|
| 504 |
|
|
|a Bibliogr. s. 126
|
| 650 |
0 |
7 |
|a rusínčina
|2 SNKPH
|9 51510
|
| 655 |
|
7 |
|a učebnice základných škôl
|2 SNKPH
|9 70187
|
| 655 |
|
7 |
|a učebnice stredných škôl
|2 SNKPH
|9 69323
|
| 700 |
1 |
|
|a Plišková, Anna,
|d 1964-
|4 aut
|9 109014
|
| 752 |
|
|
|a Slovensko
|d Prešov
|
| 919 |
|
|
|a 80-88769-61-2
|
| 958 |
|
|
|a OND
|
| 968 |
|
|
|d 37
|
| 999 |
|
|
|c 601643
|d 603573
|
| 952 |
|
|
|a SNK
|b SNK
|y PREZ
|7 0
|p 17A0484107
|o snkSC 121290
|i snk2005/15790
|8 0
|0 0
|1 0
|4 0
|d 2005-09-21
|f 1
|l 0
|r 2025-06-02 00:00:00
|w 2026-02-23
|
| 952 |
|
|
|a SNK
|b SNK
|y VYP
|7 0
|p 17A0484106
|o snkSC 121290 D1
|i snk2005/15791
|8 0
|0 0
|1 0
|4 0
|d 2005-09-21
|l 0
|r 2026-02-23 15:56:54
|w 2026-02-23
|